[Event "LUX-chABC"]
[Site "Dudelange"]
[Date "1997.04.02"]
[Round "5.11"]
[White "Gras, Fabrice"]
[Black "Mossong, Hubert"]
[Result "0-1"]
[WhiteElo "1830"]
[BlackElo "2195"]
[PlyCount "80"]
[EventDate "1997.03.29"]
[EventType "swiss"]
[EventRounds "9"]
[EventCountry "LUX"]
[SourceTitle "EXT 2013"]
[Source "ChessBase"]
[SourceDate "2012.11.22"]
[SourceVersion "1"]
[SourceVersionDate "2012.11.22"]
[SourceQuality "1"]

1. e4 c5 2. Nf3 Nc6 3. d4 cxd4 4. Nxd4 e5 5. Nb5 d6 6. c4 Be7 7. N1c3 a6 8. Na3 Nf6 9. Bd3 Be6 10. Nc2 Rc8 11. Ne3 0-0 12. 0-0 h6 13. Ncd5 Ne8 14. b3 Bg5 15. Nc2 g6 16. Be3 Kg7 17. Bb6 Qd7 18. Be3 Qd8 19. Bb6 Qd7 20. Be3 Rb8 21. Bxg5 hxg5 22. Qd2 Qd8 23. Ne1 Rh8 24. Nf3 Rh5 25. g3 g4 26. Ne1 Bxd5 27. cxd5 Nd4 28. f3 Qb6 29. Kh1 Nf6 30. f4 Rbh8 31. Rf2 Rh3 32. Rg2 Nf3 33. Nxf3 gxf3 34. Rf2 Ng4 35. Raf1 Rxh2+ 36. Rxh2 Rxh2+ 37. Qxh2 Nxh2 38. Kxh2 Qe3 39. Rd1 exf4 40. g4 Qf2+ 0-1

[Event "LUX-chABC"]
[Site "Dudelange"]
[Date "1997.03.29"]
[Round "1.38"]
[White "Gras, Fabrice"]
[Black "Scho, Romain"]
[Result "1-0"]
[WhiteElo "1830"]
[BlackElo "1470"]
[PlyCount "57"]
[EventDate "1997.03.29"]
[EventType "swiss"]
[EventRounds "9"]
[EventCountry "LUX"]
[SourceTitle "EXT 2013"]
[Source "ChessBase"]
[SourceDate "2012.11.22"]
[SourceVersion "1"]
[SourceVersionDate "2012.11.22"]
[SourceQuality "1"]

1. e4 e6 2. d4 b6 3. Bd3 Bb7 4. Ne2 Nf6 5. Bg5 Be7 6. Bxf6 Bxf6 7. 0-0 d6 8. Nbc3 Nd7 9. f4 c5 10. e5 Be7 11. Nb5 dxe5 12. dxe5 Qc8 13. Nec3 Qc6 14. Be4 Qc8 15. Nd6+ Bxd6 16. Qxd6 Bxe4 17. Nxe4 Qb7 18. Qxe6+ fxe6 19. Nd6+ Ke7 20. Nxb7 Rhf8 21. h4 Nb8 22. c3 Nc6 23. g3 Rab8 24. Nd6 h5 25. Rad1 Rbd8 26. Rd2 Rd7 27. Rfd1 Rfd8 28. Kf2 g6 29. Ke3 1-0

[Event "Luxembourg op"]
[Site "Luxembourg"]
[Date "1996.??.??"]
[Round "3"]
[White "Gras, Fabrice"]
[Black "Fage, Brian"]
[Result "1-0"]
[WhiteElo "1760"]
[BlackElo "1635"]
[PlyCount "69"]
[EventDate "1996.??.??"]
[EventType "swiss"]
[EventRounds "9"]
[EventCountry "LUX"]
[SourceTitle "EXT 2005"]
[Source "ChessBase"]
[SourceDate "2004.11.15"]
[SourceVersion "1"]
[SourceVersionDate "2004.11.15"]
[SourceQuality "1"]

1. c4 e5 2. Nc3 Nf6 3. Nf3 Nc6 4. g3 g6 5. Bg2 Bg7 6. 0-0 0-0 7. d3 d6 8. Bg5 Be6 9. a3 a5 10. Rb1 Qd7 11. Bxf6 Bxf6 12. Ne4 Bg7 13. Neg5 f5 14. Nxe6 Qxe6 15. Nd4 Qd7 16. Nxc6 bxc6 17. Qa4 Ra6 18. b4 Rfa8 19. b5 cxb5 20. Qxb5 c6 21. Qb7 R8a7 22. Qxd7 Rxd7 23. Rb8+ Kf7 24. Rc8 c5 25. Bd5+ Ke7 26. Rb1 Raa7 27. Rbb8 a4 28. h4 Rdc7 29. Re8+ Kf6 30. Re6+ Kf7 31. Rxe5+ Kf6 32. Re6+ Kf7 33. Rxd6+ Ke7 34. Re6+ Kd7 35. Ree8 1-0

[Event "Luxembourg op"]
[Site "Luxembourg"]
[Date "1996.??.??"]
[Round "7"]
[White "Gras, Fabrice"]
[Black "Ragozin, Alexandre"]
[Result "1-0"]
[WhiteElo "1760"]
[BlackElo "1725"]
[PlyCount "111"]
[EventDate "1996.??.??"]
[EventType "swiss"]
[EventRounds "9"]
[EventCountry "LUX"]
[SourceTitle "EXT 2005"]
[Source "ChessBase"]
[SourceDate "2004.11.15"]
[SourceVersion "1"]
[SourceVersionDate "2004.11.15"]
[SourceQuality "1"]

1. c4 c5 2. g3 g6 3. Bg2 Bg7 4. Nc3 Nc6 5. Nf3 Nf6 6. 0-0 0-0 7. a3 a6 8. Rb1 d5 9. Nxd5 Nxd5 10. cxd5 Qxd5 11. d3 Bd7 12. Be3 Rac8 13. Qd2 Bf5 14. Nd4 Qd7 15. Nxf5 Qxf5 16. Rfc1 b6 17. b4 Nb8 18. bxc5 bxc5 19. Bb7 Rc7 20. Bf4 e5 21. Be3 Rd8 22. Be4 Qe6 23. Bxc5 f5 24. Bg2 e4 25. Qa5 Rdc8 26. Rxb8 Rxc5 27. Rxc8+ Rxc8 28. Rxc8+ Qxc8 29. Qd5+ Kh8 30. dxe4 Qc1+ 31. Bf1 Qxa3 32. Qd8+ Qf8 33. Qxf8+ Bxf8 34. exf5 gxf5 35. e3 a5 36. Bd3 f4 37. gxf4 h6 38. Bc2 Kg7 39. Kg2 Kf6 40. Kf3 Bb4 41. Kg4 Be1 42. f3 Bd2 43. e4 Ke7 44. Kf5 Kd6 45. e5+ Ke7 46. Ke4 h5 47. f5 h4 48. h3 Bc3 49. f6+ Kf7 50. Kf5 Ke8 51. e6 Bb4 52. Kg6 Bc5 53. Ba4+ Kf8 54. e7+ Bxe7 55. fxe7+ Kxe7 56. Kh5 1-0